Things that Happened in 2024 - Statistics

General Stats
  • This quiz has been taken 77 times
  • The average score is 3 of 13
Answers on the Grid
Answers color-coded by a green-red scale on the quiz's grid according to % correct below.
Paris Summer Olympics
Bulgaria&Romania join Schengen Area
US Midterm Elections
Rishi Sunak becomes Prime Minister
Egypt,Ethiopia,Iran and the U.A.E become BRICS members
Arab Spring
Adult Survivors Act
Alexei Navalny dies
United Health CEO is shot by a Legend
Barbenheimer
Pope Benedict XVI dies
OJ Simpson dies
South Korean martial law
Michel Barnier loses a no-confidence vote
Donald Trump becomes a felon
The New Popular FRont wins the French legislative election
Hauk Tauh Coin is released
Keir Starmer becomes Uk Prime Minister
Isreal invades Lebanon
Germany leaglizes Cannabis
Donald Trump Loses the popular vote
Jan 6th Coup
Democrats win the Seante
A new US Supreme Court Justice is appontied
Chadwick Boseman dies
Mike Johnson is elected the Speaker of the House
Derek Chauvin is found guilty
Tim Walz becomes Vice President of the United States
Finland joins NATO
Julian Assange is freed from prison
 
Answer Stats
Answer % Correct
Paris Summer Olympics
93%
Donald Trump becomes a felon
35%
OJ Simpson dies
33%
Isreal invades Lebanon
26%
United Health CEO is shot by a Legend
26%
South Korean martial law
22%
Keir Starmer becomes Uk Prime Minister
20%
Alexei Navalny dies
17%
Hauk Tauh Coin is released
17%
Germany leaglizes Cannabis
11%
Julian Assange is freed from prison
9%
Michel Barnier loses a no-confidence vote
4%
The New Popular FRont wins the French legislative election
2%
No matching quizzes found
Score Distribution
Percent of People with Each Score
Percentile by Number Answered
Your Score History
You have not taken this quiz